| 000 | 00739nam a2200241 a 4500 | ||
|---|---|---|---|
| 005 | 20230527063521.0 | ||
| 008 | 991125s1977 es 000 0 spa u | ||
| 020 | _a8428103372 | ||
| 035 | _aUPN01000000957 | ||
| 040 |
_aUPN _bspa _cUPN |
||
| 049 | _aCG | ||
| 050 | 4 |
_aHQ796 _bD4.28 |
|
| 100 | 1 |
_aDebesse, Maurice, _d1903-1998 _933826 |
|
| 245 | 1 | 3 |
_aLa adolescencia / _cMaurice Debesse ; versión castellana de Francesc Lloveras. |
| 250 | _a1a ed. | ||
| 260 |
_aBarcelona, Esp. : _bOikos-Tau, _c1977. |
||
| 300 | _a110 p. | ||
| 440 | 0 |
_aManuales de enseñanza superior. _pPsicología, psiquiatría ; _v2 |
|
| 650 | 4 |
_aPsicología del adolescente _91013 |
|
| 700 | 1 |
_aLloveras, Francesc _943996 |
|
| 905 | _aLibro | ||
| 942 |
_2lcc _cLIBRO |
||
| 999 |
_c957 _d957 |
||